Wird geladen...

E.M.S. Marxist Darsanathinte Sakramapurushan

Bibliographische Detailangaben
1. Verfasser: Dharmaraj ,Adatt
Format: Printed Book
Veröffentlicht: Granthakartha Granthakartha 1998
LEADER 00478nam a2200121Ia 4500
008 111205s9999 xx 000 0 9al d
100 |a Dharmaraj ,Adatt 
245 |a E.M.S. Marxist Darsanathinte Sakramapurushan  |c Dharmaraj ,Adatt 
260 |b Granthakartha  |a Granthakartha  |c 1998 
300 |a 160 
942 |c BK 
999 |c 209040  |d 209040 
952 |0 0  |1 0  |2 ddc  |4 0  |6 923_000000000000000_1E_DHA_E  |7 0  |9 231239  |a MAL  |b MAL  |c ST1  |d 2011-12-05  |g 55.00  |l 0  |o 923.1E DHA/E  |p MAL25970  |r 2011-12-05  |v 55.00  |w 2011-12-05  |y BK